书目信息 |
| 题名: |
大跨度悬索桥抖振数值模拟与现场实测
|
|
| 作者: | 王浩, 著 | |
| 分册: | ||
| 出版信息: | 南京 东南大学出版社 2015.12 |
|
| 页数: | 130页 | |
| 开本: | 26cm | |
| 丛书名: | 东南土木·青年教师·科研论丛 | |
| 单 册: | ||
| 中图分类: | U448.25 | |
| 科图分类: | ||
| 主题词: | 长跨桥--chang kua qiao--悬索桥--抖振--数值模拟 | |
| 电子资源: | ||
| ISBN: | 978-7-5641-6157-6 | |
| 000 | 01460nam 2200325 450 | |
| 001 | CAL 0120161779575 | |
| 005 | 20160323134304.1 | |
| 010 | @a978-7-5641-6157-6@dCNY39.00 | |
| 100 | @a20160323d2015 em y0chiy50 ea | |
| 101 | 0 | @achi |
| 102 | @aCN@b320000 | |
| 105 | @aak a 000yy | |
| 106 | @ar | |
| 200 | 1 | @a大跨度悬索桥抖振数值模拟与现场实测@Ada kua du xuan suo qiao dou zhen shu zhi mo ni yu xian chang shi ce@e平稳分析@f王浩著@Fwang hao zhu |
| 210 | @a南京@c东南大学出版社@d2015.12 | |
| 215 | @a130页@c图@d26cm | |
| 225 | 2 | @a东南土木·青年教师·科研论丛@Adong nan tu mu · qing nian jiao shi · ke yan lun cong |
| 300 | @a中央高校基本科研业务费专项资金资助 | |
| 312 | @a英文题名取自封面 | |
| 320 | @a有书目 (第117-130页) | |
| 330 | @a全书共分7章, 内容包括: 绪论设中央扣的大跨度悬索桥体系动力特性及其影响因素、基于SHMS的大跨度悬索桥有限元模型修正与验证、基于SHMS的大跨度悬索桥桥址区强风特性分析、台风作用下大跨度悬索桥抖振响应实测分析、台风作用下大跨度悬索桥抖振响应时域分析与实测对比分析、结论与展望。 | |
| 410 | 0 | @12001 @a东南土木·青年教师·科研论丛 |
| 510 | 1 | @aNumerical simulations and field mieasurements on long-span suspension bridges@estationary analysis@zeng |
| 517 | 1 | @a平稳分析@Aping wen fen xi |
| 586 | @a | |
| 606 | 0 | @a长跨桥@Achang kua qiao@x悬索桥@x抖振@x数值模拟 |
| 690 | @aU448.25@v5 | |
| 701 | 0 | @a王浩,@Awang hao@f1980-@4著 |
| 801 | 0 | @aCN@c20160323 |
| 905 | @a河南城建学院图书馆@dU448.25@eW206@f2 | |
| 大跨度悬索桥抖振数值模拟与现场实测:平稳分析/王浩著.-南京:东南大学出版社,2015.12 |
| 130页:图;26cm.-(东南土木·青年教师·科研论丛) |
| 中央高校基本科研业务费专项资金资助 |
| ISBN 978-7-5641-6157-6:CNY39.00 |
| 全书共分7章, 内容包括: 绪论设中央扣的大跨度悬索桥体系动力特性及其影响因素、基于SHMS的大跨度悬索桥有限元模型修正与验证、基于SHMS的大跨度悬索桥桥址区强风特性分析、台风作用下大跨度悬索桥抖振响应实测分析、台风作用下大跨度悬索桥抖振响应时域分析与实测对比分析、结论与展望。 |
| ● |
| 相关链接 |
|
|
|
正题名:大跨度悬索桥抖振数值模拟与现场实测
索取号:U448.25/W206
 
预约/预借
| 序号 | 登录号 | 条形码 | 馆藏地/架位号 | 状态 | 备注 |
| 1 | 1408318 | 214083187 | 自科库501/501自科库 55排3列2层/ [索取号:U448.25/W206] | 在馆 | |
| 2 | 1408319 | 214083196 | 自科库501/501自科库 55排3列2层/ [索取号:U448.25/W206] | 在馆 |